|
|
|
|
| LEADER |
00743cam a2200217 a 4500 |
| 001 |
0000098051 |
| 005 |
20080715090000.0 |
| 040 |
|
|
|a mod
|
| 041 |
|
|
|a eng
|
| 020 |
0 |
0 |
|a 9781588265098
|
| 090 |
0 |
0 |
|a 327.17
|b ANN
|c f
|e 2007
|
| 245 |
0 |
0 |
|a Annual review of global peace operations
|b 2007
|
| 260 |
0 |
0 |
|a London
|b Lynn Rienner Publisher
|c 2007
|
| 300 |
|
|
|a xi, 391 p
|c ol. ill., maps
|c 28 cm
|
| 500 |
0 |
0 |
|a Include index
|
| 650 |
0 |
0 |
|a International police
|x Statistics
|x Periodicals
|
| 650 |
0 |
0 |
|a United Nations
|x Peacekeeping forces
|x Statistics
|x Periodicals
|
| 650 |
0 |
0 |
|a Peace-building
|x Statistics
|x Periodicals
|
| 710 |
0 |
0 |
|a Center on International Cooperation
|
| 852 |
0 |
0 |
|a 01
|
| 999 |
|
|
|a 0269610
|b KEMENTAH
|d BOOKS
|e Umum
|f Perpustakaan KEMENTAH
|j AVAILABLE
|q GOOD CONDITION
|